Regional capitals sudden death - Statistics

General Stats
  • This quiz has been taken 28 times
  • The average score is 5 of 16
Answers on the Grid
Answers color-coded by a green-red scale on the quiz's grid according to % correct below.
California - San Francisco
Guanajuato - León
New York - Albany
Sichuan - Chengdu
Zhejiang - Ningbo
Guerrero - Acapulco
Nevada - Reno
Telangana - Hyderabad
New Mexico - Albuquerque
New South Wales - Sydney
Andalucia - Seville
Gujarat - Ahmedabad
Punjab (Pakistan) - Lahore
Georgia (USA) - Atlanta
Jiangsu - Suzhou
Inner Mongolia - Baotou
Okinawa - Naha
Bolívar (Colombia) - Cartagena
Buenos Aires Province - Buenos Aires
Mexico - Ciudad Nezahuacoyotl
Michoacán - Morelia
Jilin - Jilin City
British Columbia - Vancouver
Wales - Cardiff
Minas Gerais - Belo Horizonte
Tierra del Fuego - Ushuaia
Leningrad Oblast - St Petersburg
Coahuila - Saltillo
Heilongjiang - Harbin
Lombardy - Milan
 
Answer Stats
Answer % Correct
New York - Albany
80%
Georgia (USA) - Atlanta
60%
Wales - Cardiff
47%
New South Wales - Sydney
40%
Andalucia - Seville
33%
Lombardy - Milan
33%
Okinawa - Naha
33%
Punjab (Pakistan) - Lahore
33%
Heilongjiang - Harbin
20%
Minas Gerais - Belo Horizonte
20%
Sichuan - Chengdu
20%
Bolívar (Colombia) - Cartagena
13%
Michoacán - Morelia
13%
Coahuila - Saltillo
7%
Telangana - Hyderabad
7%
Tierra del Fuego - Ushuaia
7%
No matching quizzes found
Score Distribution
Percent of People with Each Score
Percentile by Number Answered
Your Score History
You have not taken this quiz